ganj haiey garamaya / (Record no. 40051)
[ view plain ]
| 000 -LEADER | |
|---|---|
| fixed length control field | 00601nam a2200217 a 4500 |
| 001 - CONTROL NUMBER | |
| control field | 40051 |
| 003 - CONTROL NUMBER IDENTIFIER | |
| rucl marc code | BD-RjUL |
| 005 - DATE AND TIME OF LATEST TRANSACTION | |
| control field | 20211209053127.0 |
| 008 - FIXED-LENGTH DATA ELEMENTS--GENERAL INFORMATION | |
| fixed length control field | 160421s1987 ii ||||| |||| 00| 0 urd d |
| 035 ## - SYSTEM CONTROL NUMBER | |
| System control number | (BD-RjUL)40166 |
| 040 ## - CATALOGING SOURCE | |
| Original cataloging agency | BD-RjUL |
| Language of cataloging | eng |
| Transcribing agency | BD-RjUL |
| 041 ## - LANGUAGE CODE | |
| Language code of text/sound track or separate title | urd |
| 082 ## - DEWEY DECIMAL CLASSIFICATION NUMBER | |
| Edition number | 23 |
| Classification number | 891.439092 |
| Author mark and year | SIG 1987 |
| 100 ## - MAIN ENTRY--PERSONAL NAME | |
| Personal name | Siddiquee, Rashid Ahmed |
| 9 (RLIN) | 123344 |
| 245 10 - TITLE STATEMENT | |
| Title | ganj haiey garamaya / |
| Statement of responsibility, etc. | Rashid Ahmed Siddiquee |
| 260 ## - PUBLICATION, DISTRIBUTION, ETC. (IMPRINT) | |
| Place of publication, distribution, etc. | Mew Delhi: |
| Name of publisher, distributor, etc. | Maktuba i Jameya, |
| Date of publication, distribution, etc. | 1987 |
| 300 ## - PHYSICAL DESCRIPTION | |
| Pagination | 288 p. ; |
| Size | 18 cm. |
| 500 ## - GENERAL NOTE | |
| General note | " Text in Urdu" |
| 650 ## - SUBJECT ADDED ENTRY--TOPICAL TERM | |
| Topical term or geographic name as entry element | Urdu Literature |
| 9 (RLIN) | 123345 |
| 942 ## - ADDED ENTRY ELEMENTS (KOHA) | |
| Source of classification or shelving scheme | Dewey Decimal Classification |
| Koha item type | Books |
| Lost status | Source of classification or shelving scheme | Damaged status | Not for loan | Collection code | Permanent Location | Current Location | Shelving location | Date acquired | Source of acquisition | Cost, normal purchase price | Total Checkouts | Full call number | Date last seen | Date checked out | Copy number | Koha item type |
|---|---|---|---|---|---|---|---|---|---|---|---|---|---|---|---|---|
| Dewey Decimal Classification | Non-fiction | Central Library, University of Rajshahi | Central Library, University of Rajshahi | 08/08/1989 | U.B.S.P.D. | 30.00 | 1 | U 891.439092 SIG 1987 | 01/06/2016 | 26/04/2016 | C-2 | Books |